Flags with Crosses - Statistics

General Stats
  • This quiz has been taken 69 times
    28 since last reset
  • The average score is 12 of 21
Answer Stats
Answer % Correct
Norway
95%
Denmark
91%
Finland
91%
Sweden
91%
Iceland
77%
United Kingdom
77%
Switzerland
73%
Australia
59%
Greece
59%
New Zealand
59%
Fiji
50%
Georgia
50%
Malta
50%
Tonga
45%
Tuvalu
45%
Dominica
41%
Jamaica
41%
Slovakia
36%
Dominican Republic
32%
Moldova
27%
Burundi
23%
No matching quizzes found
Score Distribution
Percent of People with Each Score
Percentile by Number Answered
Your Score History
You have not taken this quiz since the last reset